000 00600aam a2200181 i 4500
005 20251214092100.0
008 250721s1984 su gr 000 0 ara d
082 1 4 _a216,5
_bص ا ل
100 1 _aالسدلان، صالح غانم
_eمؤلف.
245 1 2 _aالشروط في النكاح /
_cالدكتور صالح غانم السدلان.
264 3 1 _aالرياض :
_bالدكتور صالح غانم السدلان،
_c1984.
300 _a128 صفحة.
650 1 7 _aالإسلام.
650 1 7 _aالفقه.
650 1 7 _aالزواج.
942 _2ddc
_cBK
999 _c1784
_d1784